000 00288nam a2200121 a 4500
008 100914s1988|||| d
245 1 0 _aKrutý experiment
100 1 _aDilov, Ljuben
020 _c13
260 _aPraha
_c1988
_bČeskoslovenský spisovateľ
041 _acze
044 _aCZ
999 _c10305
_d10305